000 00617cab a2200229 4500
001 X1021
008 090401t1993 xxu||||| |||| 00| 0 eng d
035 _a(Sirsi) u14218
041 _aeng
245 _aProperty world urged to sponsor top graduates
260 _c1993
350 _a0
490 _aEstates Gazette
_v(9338) 25 September 1993, 49(1)
650 _aCAREERS, EDUCATION AND TRAINING
650 _aNON-COGNATE GRADUATES
650 _aPIGGOTT C.
650 _aRICS
650 _aSPONSORSHIP
690 _aMANAGEMENT-BUSINESS MANAGEMENT-PROFESSIONAL PRACTICE
942 _n0
948 _c04/03/1997
999 _c9237
_d9237